| 000 | 00880nam a2200229 a 4500 | ||
|---|---|---|---|
| 001 | 000005167 | ||
| 005 | 20200929151610.0 | ||
| 008 | 970327s1996 mx a 001 0 spa | ||
| 010 | _a97133323 | ||
| 040 |
_aDO-SdBNP _bspa _cDLC _dBNPHU |
||
| 050 | 0 | 0 |
_aPQ8214 _b.A49 1996 |
| 245 | 0 | 0 |
_aAntologia de la poesia cosmica del Ecuador / _cprologo Rodrígo Pesántez Rodas ; introduccion y analisis arquetípico Fredo Arias de la Canal. |
| 260 |
_aMexico, D.F. : _bFrente de Afirmacion Hispanista, _c1996. |
||
| 300 |
_a380 p. : _bil. ; _c23 cm. |
||
| 500 | _aIncluye índice de nombres. | ||
| 650 | 4 |
_aPoesía ecuatoriana _xColecciones _ySIGLO XX _914788 |
|
| 650 | 4 |
_aLiteratura peruana _ySIGLO XX _914789 |
|
| 700 | 1 |
_aPesántez Rodas, Rodrígo, _epról. _914790 |
|
| 710 | 2 |
_aFrente de Afirmacion Hispanista (Mexico) _914791 |
|
| 910 | _aCatalogación derivada. | ||
| 082 | 0 | 0 |
_a861 _bP472a |
| 999 |
_c4970 _d4970 |
||